| 000 | 00596nam a22002057a 4500 | ||
|---|---|---|---|
| 003 | OSt | ||
| 005 | 20240127152133.0 | ||
| 008 | 190322b xxu||||| |||| 00| 0 eng d | ||
| 020 | _a9788125600060 | ||
| 040 |
_cIIMT UNIVERSITY, MEERUT _dSEROSOFT |
||
| 100 | _aSURESH B. | ||
| 245 |
_aA TEXTBOOK OF FORENSIC PHARMACY _cAUTHOR _hENGLISH |
||
| 250 | _a19 | ||
| 260 |
_aDELHI _bBIRLA _c2019 |
||
| 300 |
_aPAPERBACK _b152 PP. |
||
| 760 | _b19TH ED. | ||
| 856 |
_3PAPERBACK _u615.252 PAU _z615.252 PAU |
||
| 887 | _2TITLE | ||
| 942 |
_2ddc _c01 _e19TH ED _hTITLE _iBOOK _k615.252 PAU _m615.252 PAU |
||
| 999 |
_c44840 _d44840 |
||